000 00582nam a2200193Ia 4500
008 090201s9999 xx 000 0 und d
010 _aKPL-68763
020 _a81-4486-386-9
040 _bमराठी
041 _aमराठी
082 _a47272
_b68763
100 _aदि. बा. मोकाशी
245 _aपालखी (रामबाग)
_cदि. बा. मोकाशी
250 _a2
260 _c2004
_bमौज प्रकाशन
300 _a138
_bमध्यम
600 _aपालखी (रामबाग)
942 _cBOOK
999 _c243987
_d243987